LDR 00711naa#a2200169#i#450# 001 EN\\bibl\121287 005 20260517041742.7 011 ## _a1994-4683 100 ## _a20230803b2023####ek#y0engy0150####ca 102 ## _aRU 200 1# _aDEVELOPMENT AND SYSTEMATIZATION HYBRID EDUCATIONAL TECHNOLOGIES STUDENTS ATHLETES OF HIGHER SCHOOL PHYSICAL CULTURE AND PEDAGOGICAL PROFILE _eJournal article 210 1# _aMoscow _cNational State University of Physical Education, Sports and Health named after P.F. Lesgaft _d2023 215 ## _a6 с. 608 ## _aJournal article _2local 675 ## _aМетодические принципы отдельных теорий и систем. 37.022 _z 700 #1 _a _g 856 4# _auchzapiski.lesgaft.spb.ru _u